In quale squadra ha giocato per prima? (NBA) - Statistics

Statistiche generali
  • Questo quiz è stato fatto 92 volte
    89 dall'ultimo reset
  • Il punteggio medio è 23 su 27
Statistiche sulle risposte
Domanda Risposta % Corretto
Qual è la prima squadra di Michael Jordan? Chicago Bulls
98%
Qual è la prima squadra di Stephen Curry? G.S. Warriors
98%
Qual è la prima squadra di Giannīs Antetokounmpo? Milwaukee Bucks
98%
Qual è la prima squadra di Nikola Jokić? Denver Nuggets
96%
Qual è la prima squadra di Kobe Bryant? L.A. Lakers
96%
Qual è la prima squadra di Dirk Nowitzki? Dallas Mavericks
95%
Qual è la prima squadra di Tim Duncan? San Antonio Spurs
95%
Qual è la prima squadra di LeBron James? Cleveland Cavaliers
94%
Qual è la prima squadra di Yao Ming? Houston Rockets
94%
Qual è la prima squadra di Shaquille O'Neal? Orlando Magic
94%
Qual è la prima squadra di Joel Embiid? Philadelphia 76ers
94%
Qual è la prima squadra di Derrick Rose? Chicago Bulls
91%
Qual è la prima squadra di Karl Malone? Utah Jazz
91%
Qual è la prima squadra di Russell Westbrook? Oklahoma Thunder
90%
Qual è la prima squadra di Allen Iverson? Philadelphia 76ers
89%
Qual è la prima squadra di Kevin Durant? Seattle S.Sonics
89%
Qual è la prima squadra di James Harden? Oklahoma Thunder
83%
Qual è la prima squadra di Paul Pierce? Boston Celtics
81%
Qual è la prima squadra di Kareem Abdul-Jabbar? Milwaukee Bucks
80%
Qual è la prima squadra di David Robinson? San Antonio Spurs
79%
Qual è la prima squadra di DeMarcus Cousins? Sacramento Kings
77%
Qual è la prima squadra di Kevin Garnett Minnesota T'wolves
75%
Qual è la prima squadra di Steve Nash? Phoenix Suns
74%
Qual è la prima squadra di Marc Gasol? Memphis Grizzlies
73%
Qual è la prima squadra di Shai Gilgeous-Alexander? L.A. Clippers
68%
Qual è la prima squadra di Danilo Gallinari? N.Y. Knicks
49%
Qual è la prima squadra di Horace Grant? Chicago Bulls
35%
Nessun quiz corrispondente trovato
Distribuzione punteggi
Percentuale di utenti per punteggio
Percentile per numero di risposta
I tuoi punteggi nel tempo
Non hai fatto questo quiz dall'ultimo reset